Analysis of selected macroeconomic development determinants of the Czech Republic in the last decade
Salvato in:
| Autore principale: | |
|---|---|
| Natura: | Capitolo di libro |
| Lingua: | inglese |
| Tags: |
Nessun Tag, puoi essere il primo ad aggiungerne!!
|
MARC
| LEADER | 00000naa$a2200000$$$4500 | ||
|---|---|---|---|
| 001 | 0149430 | ||
| 005 | 20220725092601.2 | ||
| 041 | 0 | |a eng | |
| 044 | |a PL | ||
| 245 | 1 | 0 | |a Analysis of selected macroeconomic development determinants of the Czech Republic in the last decade |c Iva Nedomlelová |
| 100 | 1 | |a Nedomlelová, Iva | |